[Event "HUN-ch"]
[Site "Budapest"]
[Date "1971.??.??"]
[Round "7"]
[White "Lengyel, Levente"]
[Black "Forintos, Gyozo V"]
[Result "1/2-1/2"]
[WhiteElo "2485"]
[BlackElo "2485"]

1.d4 d5 2.c4 dxc4 3.Nf3 Nf6 4.e3 e6 5.Bxc4 c5 6.O-O Nc6 7.Nc3 Be7 8.a3 a6
9.dxc5 Bxc5 10.Qxd8+ Kxd8 11.b4 Bd6 12.Bb2 Ke7 13.Rfd1 b5 14.Be2 Bb7 15.Rd2 Rhd8
16.Rad1 Bc7 17.h3 Bb6 18.Kf1 Rxd2 19.Rxd2 h6 20.Ke1 Rd8 21.Rxd8 Kxd8  1/2-1/2

[Event "Gothenburg"]
[Site "Gothenburg"]
[Date "1971.??.??"]
[Round "11"]
[White "Pomar Salamanca, Arturo"]
[Black "Spassky, Boris V"]
[Result "0-1"]
[WhiteElo "2510"]
[BlackElo "2690"]

1.d4 d5 2.c4 dxc4 3.Nf3 Nf6 4.e3 e6 5.Bxc4 c5 6.Nc3 a6 7.O-O b5 8.Be2 Bb7
9.dxc5 Qxd1 10.Rxd1 Bxc5 11.a3 Nbd7 12.b4 Be7 13.Bb2 O-O 14.Rac1 Rac8 15.Kf1 Rfd8
16.h3 Kf8 17.Nb1 Nd5 18.Nbd2 N7b6 19.Nb3 Na4 20.Bd4 Ndc3 21.Bxc3 Rxd1+ 22.Bxd1 Nxc3
23.Be2 Nxe2 24.Rxc8+ Bxc8 25.Kxe2 f6 26.Nfd4 e5 27.Nc6 Bd6 28.Nc5 Bxc5 29.bxc5 Bb7
30.Nb4 Ke7 31.f3 a5 32.Na2 Bd5 33.Nc3 Bc4+ 34.Kd2 Kd7 35.h4 f5 36.g4 g6 37.gxf5 gxf5
38.a4 b4 39.Nb5 Kc6 40.Nd6 Bd5 41.Nxf5 Bxf3 42.Ng7 Kxc5 43.Ne6+ Kc4 44.Ng5 Bc6
45.Nxh7 b3 46.Nf6 Kb4 47.h5 b2 48.Kc2 Ka3 49.Kb1 Bf3  0-1

[Event "Novy Smokovec"]
[Site "Novy Smokovec"]
[Date "1971.??.??"]
[Round "7"]
[White "Jansa, Vlastimil"]
[Black "Banas, Jan"]
[Result "1/2-1/2"]
[WhiteElo "2450"]
[BlackElo "2200"]

1.Nf3 Nf6 2.d4 d5 3.c4 dxc4 4.e3 e6 5.Bxc4 c5 6.O-O a6 7.a4 Nc6 8.Qe2 cxd4
9.Rd1 Be7 10.exd4 O-O 11.Nc3 Nd5 12.Bd2 Nb6 13.Bb3 Nxd4 14.Nxd4 Qxd4 15.a5 Nd7
16.Nd5 Bc5 17.Bb4 Qh4 18.Ra4 Bxb4 19.Rxb4 Qd8 20.Nb6 Qe7 21.Rc4 Rb8 22.Rc7 Qb4
23.Bxe6 Nxb6 24.Bxf7+ Kh8 25.axb6 Bg4 26.Qd2 Qxb6 27.Rdc1 Rbd8 28.Qc2 Qf6
29.Bb3 Qg5 30.Rc5  1/2-1/2

[Event "Hoogovens-B"]
[Site "Wijk aan Zee"]
[Date "1971.??.??"]
[Round "?"]
[White "Brinck Claussen, Bjorn"]
[Black "Van Scheltinga, Theo D"]
[Result "1-0"]
[WhiteElo "2410"]
[BlackElo "2370"]

1.d4 d5 2.c4 dxc4 3.Nf3 Nf6 4.e3 e6 5.Bxc4 c5 6.O-O Nc6 7.Qe2 cxd4 8.Rd1 Be7
9.exd4 O-O 10.Nc3 Na5 11.Bd3 b6 12.Bg5 Bb7 13.Rd2 Nd5 14.Qe4 g6 15.Qh4 f6
16.Bh6 Rf7 17.Qg4 f5 18.Qg3 Bd6 19.Ne5 Nxc3 20.bxc3 Qc7 21.Bf1 Rc8 22.Rad1 Nc6
23.f4 Nxe5 24.dxe5 Bf8 25.Bxf8 Kxf8 26.c4 Ba6 27.Rd4 Qc5 28.Kh1 b5 29.h4 bxc4
30.Rd8+ Rxd8 31.Rxd8+ Kg7 32.h5 Qe7 33.h6+ Kxh6 34.Rg8  1-0

[Event "Esbjerg op"]
[Site "Esbjerg"]
[Date "1972.??.??"]
[Round "4"]
[White "Sorensen, I."]
[Black "Iversen, Ralph Kock"]
[Result "0-1"]
[WhiteElo "2300"]
[BlackElo "2200"]

1.d4 d5 2.c4 dxc4 3.Nf3 Nf6 4.e3 e6 5.Bxc4 c5 6.O-O a6 7.a4 cxd4 8.exd4 Nc6
9.Nc3 Be7 10.Be3 O-O 11.Qe2 Bd7 12.Ne5 Nb4 13.Qf3 Rc8 14.Qg3 Bd6 15.Be2 Nbd5
16.Bd3 Nxc3 17.bxc3 Ne8 18.Bf4 Bxe5 19.dxe5 f5 20.exf6 Nxf6 21.Be5 Qa5 22.Rae1 Rf7
23.Qg5 Qxa4 24.Re3 Bb5 25.c4 Bxc4 26.Rc1 Qd7 27.Bb1 Bd5 28.Rce1 Rc4 29.h3 b5
30.Rg3 Ne4 31.Qh5 Rf5 32.Qh6 Nxg3 33.fxg3 gxh6  0-1

[Event "URS-chT Moscow"]
[Site "Moscow"]
[Date "1972.??.??"]
[Round "?"]
[White "Kozlovskaya, Valentina"]
[Black "Litinskaya, Marta I"]
[Result "0-1"]
[WhiteElo "2305"]
[BlackElo "2250"]

1.d4 d5 2.Nf3 Nf6 3.e3 e6 4.c4 dxc4 5.Bxc4 c5 6.O-O a6 7.a4 Nc6 8.Nc3 cxd4
9.exd4 Be7 10.Bf4 O-O 11.Be5 Nb4 12.Ng5 Bd7 13.Ne2 Ng4 14.Nf3 Bc6 15.Ng3 Rc8
16.Bb3 Qa5 17.Re1 Bd5 18.Nd2 Nxe5 19.Rxe5 Bf6 20.Rh5 Qb6 21.Bxd5 Nxd5 22.Nf3 g6
23.Rh6 Qxb2 24.Ne4 Kg7 25.Rh3 Nf4 26.Rxh7+ Kxh7 27.Nxf6+ Kg7 28.Ng4 Rfd8
29.Qe1 Nd3 30.Qf1 Rc1 31.Rxc1 Qxc1 32.Qxc1 Nxc1 33.Kf1 Nb3  0-1

[Event "URS-chT Moscow"]
[Site "Moscow"]
[Date "1972.??.??"]
[Round "?"]
[White "Ustinov, Georgy I"]
[Black "Tukmakov, Vladimir B"]
[Result "0-1"]
[WhiteElo "2370"]
[BlackElo "2560"]

1.d4 d5 2.Nf3 Nf6 3.c4 dxc4 4.e3 e6 5.Bxc4 c5 6.O-O a6 7.Nc3 b5 8.Bb3 Bb7
9.Qe2 Nbd7 10.Rd1 Qb8 11.d5 exd5 12.e4 dxe4 13.Ng5 c4 14.Ncxe4 Nxe4 15.Nxe4 Qe5
16.Bc2 O-O-O 17.g3 Bc5 18.Bf4 Qe6 19.Qh5 Bxe4 20.Rxd7 Bxf2+ 21.Kxf2 Rxd7
22.Qc5+ Kb7 23.Be3 Ka8 24.Bxe4+ Qxe4 25.a4 b4 26.Rc1 Rhd8 27.Qxb4  0-1

[Event "Skopje ol (Men) fin-C"]
[Site "Skopje"]
[Date "1972.??.??"]
[Round "5"]
[White "Cardoso, Carlos Alberto"]
[Black "Onat, Ilhan"]
[Result "0-1"]
[WhiteElo "2200"]
[BlackElo "2320"]

1.d4 d5 2.c4 dxc4 3.Nf3 Nf6 4.e3 e6 5.Bxc4 c5 6.O-O a6 7.a4 Nc6 8.Nc3 Be7
9.Qe2 cxd4 10.Rd1 d3 11.Bxd3 Qc7 12.e4 Ng4 13.g3 Bc5 14.Be3 Nxe3 15.fxe3 Bd7
16.e5 Nxe5 17.Nxe5 Qxe5 18.Ne4 Be7 19.Nc3 Bc6 20.Re1 Bc5 21.Rac1 Rc8 22.Rc2 O-O
23.Qf2 Rfd8 24.Bf1 Bb4 25.Rec1 Rc7 26.Ne2 Rcd7 27.Nd4 Be4 28.Rc4 Bf8 29.Bg2 Bxg2
30.Kxg2 g6 31.R1c2 Bh6 32.R2c3 Bxe3 33.Qxe3 Qxe3 34.Rxe3 Rxd4 35.Rxd4 Rxd4
36.Rb3 Rxa4 37.Rxb7 Ra5 38.b4 Rb5 39.Ra7 Rxb4 40.Rxa6 Rb2+ 41.Kh3  0-1

[Event "Skopje ol (Men) prel"]
[Site "Skopje"]
[Date "1972.??.??"]
[Round "6"]
[White "Diez del Corral, Jesus"]
[Black "Durao, Joaquim"]
[Result "1-0"]
[WhiteElo "2470"]
[BlackElo "2295"]

1.d4 d5 2.c4 dxc4 3.Nf3 Nf6 4.e3 e6 5.Bxc4 c5 6.O-O a6 7.Qe2 b5 8.Bd3 Bb7
9.a4 b4 10.dxc5 Bxc5 11.e4 Nbd7 12.Nbd2 Be7 13.Nb3 Nc5 14.Nxc5 Bxc5 15.a5 Nd7
16.Rd1 e5 17.Bc4 Qc7 18.Bxf7+  1-0

[Event "JUG-ch"]
[Site "Umag"]
[Date "1972.??.??"]
[Round "2"]
[White "Vukic, Milan"]
[Black "Nemet, Ivan"]
[Result "1/2-1/2"]
[WhiteElo "2410"]
[BlackElo "2415"]

1.d4 d5 2.c4 dxc4 3.Nf3 Nf6 4.e3 e6 5.Bxc4 c5 6.O-O a6 7.a4 Nc6 8.Qe2 cxd4
9.Rd1 Be7 10.exd4 O-O 11.Nc3 Nb4 12.Bg5 Nbd5 13.Ne5 Nxc3 14.bxc3 Nd5 15.Bxe7 Qxe7
16.Qb2 Qc7 17.Qb3 Rd8 18.Rd3 Bd7 19.Rf3 Be8 20.Bf1 f6 21.Nc4 b5 22.axb5 axb5
23.Rxa8 Rxa8 24.Na3 Qa5 25.Nxb5 Bxb5 26.Qxb5 Qxb5 27.Bxb5 Ra1+ 28.Bf1 Rc1
29.c4 Nc3 30.g3 Ne2+ 31.Kg2 Nxd4 32.Ra3 g5 33.g4 f5 34.Rd3 Nc2 35.Rd8+ Kf7
36.gxf5 Ne1+ 37.Kg3 exf5 38.f4 g4 39.h3 h5 40.hxg4 hxg4 41.Be2 Nf3 42.Bd3 Rc3
43.Bxf5 Nd4+ 44.Kxg4 Nxf5 45.Kxf5 Rxc4  1/2-1/2

[Event "Nice olm fin-A"]
[Site "Nice"]
[Date "1974.??.??"]
[Round "6"]
[White "Uddenfeldt, Dan"]
[Black "Petrosian, Tigran V"]
[Result "0-1"]
[WhiteElo "2275"]
[BlackElo "2640"]

1.d4 Nf6 2.Nf3 d5 3.c4 dxc4 4.e3 e6 5.Bxc4 c5 6.O-O a6 7.dxc5 Bxc5 8.a3 O-O
9.b4 Be7 10.Bb2 b5 11.Be2 Bb7 12.Nbd2 Nbd7 13.Rc1 Bd5 14.Ne5 Rc8 15.Bf3 Nxe5
16.Bxe5 Qd7 17.Bd4 Rxc1 18.Qxc1 Bxf3 19.Nxf3 Rc8 20.Qb1 Qc7 21.h3 Qc2 22.Ne5 Ne4
23.Nd3 f6 24.Bc5 Qxb1 25.Rxb1 Rd8 26.Rb3 Kf7 27.f3 Nxc5 28.bxc5 Ke8 29.Kf2 Kd7
30.Ke2 Rc8 31.a4 bxa4 32.Ra3 a5 33.Rxa4 Ra8 34.f4 Bf8 35.Kd2 Kc6 36.Re4 a4
37.Rxe6+ Kd7 38.Rb6 a3 39.Rb1 Kc6 40.e4 Bxc5 41.Rc1 a2 42.Rxc5+ Kb6 43.Rc1 a1=Q
44.Rxa1 Rxa1 45.Ke3 Kb5 46.f5 Kc4 47.Nf4 Ra3+ 48.Kf2 Kd4 49.Ne6+ Kxe4 50.Nxg7 Kf4  0-1

[Event "Nice olm fin-A"]
[Site "Nice"]
[Date "1974.??.??"]
[Round "13"]
[White "Portisch, Lajos"]
[Black "Radulov, Ivan"]
[Result "1-0"]
[WhiteElo "2645"]
[BlackElo "2490"]

1.d4 d5 2.c4 dxc4 3.Nf3 Nf6 4.e3 c5 5.Bxc4 e6 6.O-O Nc6 7.Qe2 a6 8.a4 Qc7
9.Nc3 Bd6 10.Rd1 O-O 11.h3 b6 12.d5 exd5 13.Bxd5 Bb7 14.e4 Rae8 15.Bg5 Nd4
16.Nxd4 Nxd5 17.Nxd5 Bxd5 18.Nf5 Rxe4 19.Qh5 Rfe8 20.Nxg7 R8e5 21.f4 Rxf4
22.Ne8 Qc6 23.Nxd6 f6 24.Re1  1-0

[Event "Rimavska Sobota"]
[Site "Rimavska Sobota"]
[Date "1974.??.??"]
[Round "1"]
[White "Jankovec, Ivan"]
[Black "Banas, Jan"]
[Result "1/2-1/2"]
[WhiteElo "2315"]
[BlackElo "2325"]

1.d4 d5 2.c4 dxc4 3.Nf3 Nf6 4.e3 e6 5.Bxc4 c5 6.O-O a6 7.a4 Nc6 8.Qe2 Be7
9.Rd1 Qc7 10.Nc3 O-O 11.h3 Rd8 12.d5 exd5 13.Nxd5 Nxd5 14.Rxd5 Be6 15.Rxd8+ Nxd8
16.b3 Bf6 17.Bb2 Bxc4 18.bxc4 Bxb2 19.Qxb2 Nc6 20.Rd1 h6 21.Qb1 Rd8 22.Rxd8+ Nxd8
23.Qf5 Qc6 24.Qd3 Ne6 25.Qb3  1/2-1/2

[Event "Rimavska Sobota"]
[Site "Rimavska Sobota"]
[Date "1974.??.??"]
[Round "10"]
[White "Farago, Ivan"]
[Black "Minev, Nikolay N"]
[Result "1-0"]
[WhiteElo "2475"]
[BlackElo "2455"]

1.d4 d5 2.c4 dxc4 3.Nf3 Nf6 4.e3 e6 5.Bxc4 c5 6.O-O a6 7.Qe2 Nc6 8.Nc3 Qc7
9.Rd1 Bd6 10.a3 O-O 11.dxc5 Bxc5 12.b4 Ba7 13.Bb2 b5 14.Bd3 Bb7 15.Rac1 Rac8
16.Ng5 Bb8 17.f4 Ba7 18.Nce4 Nxe4 19.Nxe4 Qxf4 20.Nc5 Qc7 21.Bxh7+ Kxh7 22.Rd7 Bxc5
23.Rxc7 Rxc7 24.Rxc5 Rd8 25.Qg4 f5 26.Qh4+ Kg8 27.Qxd8+  1-0

[Event "Hoogovens"]
[Site "Wijk aan Zee"]
[Date "1974.??.??"]
[Round "5"]
[White "Donner, Jan Hein"]
[Black "Radulov, Ivan"]
[Result "1/2-1/2"]
[WhiteElo "2495"]
[BlackElo "2490"]

1.d4 d5 2.c4 dxc4 3.Nf3 Nf6 4.e3 e6 5.Bxc4 c5 6.O-O Nc6 7.Qe2 Qc7 8.Nc3 a6
9.Bd3 Bd6 10.Bd2 O-O 11.dxc5 Bxc5 12.Rac1 Rd8 13.Ne4 Be7 14.Nd4 Bd7 15.Nxf6+ Bxf6
16.Bc3 Qd6 17.Rfd1 Nxd4 18.Bxd4 Bxd4 19.Be4 Bb5 20.Qc2 Qb6 21.exd4 f5 22.Bf3 Rxd4
23.Rxd4 Qxd4 24.Bxb7 Rd8  1/2-1/2

[Event "Club Argentino"]
[Site "Buenos Aires"]
[Date "1975.??.??"]
[Round "5"]
[White "Garcia, Raimundo"]
[Black "Schweber, Samuel"]
[Result "1/2-1/2"]
[WhiteElo "2455"]
[BlackElo "2440"]

1.d4 d5 2.c4 dxc4 3.Nf3 Nf6 4.e3 e6 5.Bxc4 c5 6.O-O a6 7.a4 Nc6 8.Qe2 cxd4
9.Rd1 Be7 10.exd4 O-O 11.Nc3 Nb4 12.Ne5 Nbd5  1/2-1/2

[Event "HUN-ch"]
[Site "?"]
[Date "1975.??.??"]
[Round "?"]
[White "Petran, Pal"]
[Black "Lukacs, Peter"]
[Result "1/2-1/2"]
[WhiteElo "2390"]
[BlackElo "2385"]

1.d4 d5 2.c4 dxc4 3.Nf3 Nf6 4.e3 e6 5.Bxc4 c5 6.O-O a6 7.a4 Nc6 8.Nc3 Be7
9.Qe2 O-O 10.Rd1 Qc7 11.dxc5 Bxc5 12.h3  1/2-1/2

[Event "DSV-Turnier"]
[Site "Leipzig"]
[Date "1975.??.??"]
[Round "14"]
[White "Malich, Burkhard"]
[Black "Tukmakov, Vladimir B"]
[Result "1/2-1/2"]
[WhiteElo "2520"]
[BlackElo "2570"]

1.d4 Nf6 2.Nf3 d5 3.c4 dxc4 4.e3 e6 5.Bxc4 c5 6.Qe2 a6 7.dxc5 Bxc5 8.O-O O-O
9.e4 b5 10.Bd3 e5 11.a4 Bb7 12.axb5 axb5 13.Rxa8 Bxa8 14.Bg5 b4  1/2-1/2

[Event "URS-chT"]
[Site "Riga"]
[Date "1975.??.??"]
[Round "?"]
[White "Maslov, Valentin"]
[Black "Zilberman, Nathan R"]
[Result "1/2-1/2"]
[WhiteElo "2300"]
[BlackElo "2200"]

1.d4 Nf6 2.c4 c6 3.Nf3 d5 4.e3 e6 5.Bd3 dxc4 6.Bxc4 c5 7.O-O a6 8.dxc5 Qxd1
9.Rxd1 Bxc5 10.Bd2 Nc6 11.Nc3 O-O 12.Rac1 Rd8 13.Be1 Bd7 14.Kf1 Be8 15.Rxd8 Rxd8
16.Ne2 Be7 17.Ned4 Nxd4 18.Nxd4 Rc8 19.Rc2 Kf8 20.Ke2 Ne4 21.Bd3 Rxc2+ 22.Bxc2 Nf6
23.f3 Bd6 24.h3 g6 25.g4 Nd5 26.Bb3 Nb4 27.a3 Nc6 28.Nxc6 Bxc6 29.Bc3 Bb5+
30.Kd2 Ke7  1/2-1/2

[Event "SWE-ch"]
[Site "?"]
[Date "1975.??.??"]
[Round "?"]
[White "Schussler, Harry"]
[Black "Fredriksson, Leif"]
[Result "1-0"]
[WhiteElo "2200"]
[BlackElo "2350"]

1.d4 d5 2.c4 dxc4 3.Nf3 Nf6 4.e3 e6 5.Bxc4 c5 6.O-O a6 7.Bd3 Nbd7 8.Qe2 b5
9.e4 cxd4 10.e5 Nd5 11.Nxd4 Nc5 12.Bc2 Bb7 13.Rd1 Qb6 14.Nd2 Be7 15.N2f3 h6
16.Bd2 g5 17.Rac1 b4 18.Be3 Nxe3 19.Qxe3 g4 20.Nd2 Bg5 21.Qe2 Bd5 22.Ra1 Bxd2
23.Rxd2 O-O-O 24.Qe3 Kb8 25.a3 a5 26.Rad1 Ba8 27.axb4 axb4 28.Ne2 Rxd2 29.Rxd2 Qb7
30.Nf4 Rc8 31.Bd1 h5 32.Rd6 Nd7 33.Qd4 Nc5 34.Be2 Rc6 35.Bf1 Rxd6 36.exd6 Nd7
37.Nxh5 f5 38.Qc4 e5 39.Ng7 f4 40.Ne6  1-0

[Event "Szolnok"]
[Site "Szolnok"]
[Date "1975.??.??"]
[Round "11"]
[White "Lukacs, Peter"]
[Black "Flesch, Janos"]
[Result "1-0"]
[WhiteElo "2385"]
[BlackElo "2385"]

1.d4 d5 2.c4 dxc4 3.Nf3 Nf6 4.e3 e6 5.Bxc4 c5 6.O-O cxd4 7.exd4 Nc6 8.Nc3 Be7
9.a3 O-O 10.Re1 a6 11.Bd3 b5 12.Bc2 Bb7 13.Qd3 Rc8 14.d5 exd5 15.Bg5 Ne4
16.Nxe4 dxe4 17.Qxe4 g6 18.Rad1 Qc7 19.Qh4 Rce8 20.Bb3 h5 21.Bxe7 Nxe7 22.Ne5 Rd8
23.Rxd8 Qxd8 24.Nxf7 Rxf7 25.Qxe7  1-0

[Event "Capablanca mem-C 13th"]
[Site "Cienfuegos"]
[Date "1976.05.30"]
[Round "14"]
[White "Fraguela Gil, Jose Miguel"]
[Black "Cobo Arteaga, Eldis"]
[Result "1/2-1/2"]
[WhiteElo "2380"]
[BlackElo "2370"]

1.d4 d5 2.c4 dxc4 3.Nf3 Nf6 4.e3 e6 5.Bxc4 c5 6.O-O Nc6 7.Qe2 a6 8.a4 Be7
9.Rd1 Qc7 10.Nc3 O-O 11.dxc5 Bxc5 12.Bd2 Rd8 13.Be1  1/2-1/2

[Event "Pernik"]
[Site "Pernik"]
[Date "1976.??.??"]
[Round "2"]
[White "Ghitescu, Theodor"]
[Black "Inkiov, Ventzislav"]
[Result "0-1"]
[WhiteElo "2430"]
[BlackElo "2330"]

1.d4 d5 2.c4 dxc4 3.Nf3 Nf6 4.e3 e6 5.Bxc4 c5 6.Qe2 a6 7.dxc5 Bxc5 8.O-O Nc6
9.e4 b5 10.Bb3 e5 11.Nc3 Bg4 12.Be3 Bxe3 13.Qxe3 Bxf3 14.Qxf3 O-O 15.Nd5 Nd4
16.Nxf6+ Qxf6 17.Qe3 Rac8 18.Rfc1 Rc6 19.Rc3 b4 20.Rxc6 Qxc6 21.h3 Rc8 22.Qd3 h6
23.Re1 Qb5 24.Qd1 a5 25.Qg4 Rc7 26.Bd5 Rc2 27.b3 Qe8 28.Bc4 a4 29.Re3 Rc3
30.Kh2 a3 31.Rg3 Qf8 32.Qh5 Rxc4 33.bxc4 b3 34.Qd1 b2 35.Re3 Qb4 36.Re1 Qxc4
37.Qb1 Nb5 38.Rd1 Nc3 39.Qc2 Kh7 40.Re1 Qb4 41.Qd2 Nxa2  0-1

[Event "Pernik"]
[Site "Pernik"]
[Date "1976.??.??"]
[Round "8"]
[White "Radev, Nikolai"]
[Black "Inkiov, Ventzislav"]
[Result "0-1"]
[WhiteElo "2370"]
[BlackElo "2330"]

1.d4 d5 2.c4 dxc4 3.Nf3 Nf6 4.e3 e6 5.Bxc4 c5 6.O-O a6 7.a4 Nc6 8.Qe2 cxd4
9.Rd1 Be7 10.exd4 O-O 11.Nc3 Nb4 12.Bg5 Nfd5 13.Nxd5 Nxd5 14.Bxe7 Nxe7 15.Qe4 Nd5
16.Ne5 Nf6 17.Qf3 Rb8 18.Qd3 Bd7 19.a5 Qe7 20.f4 Rbc8 21.b3 Bc6 22.Re1 Qd6
23.Rad1 g6 24.Re2 Bd5 25.g4 Nd7 26.f5 gxf5 27.gxf5 Kh8 28.Kf1 Bxc4 29.Nxc4 Qd5
30.Qe4 Qxe4 31.Rxe4 Nf6 32.Rf4 Nd5 33.Rf3 exf5 34.Rxf5 Rxc4 35.Rxd5 Rc2 36.Rh5 Rd8
37.Rd3 f6 38.Rf5 Kg7 39.d5 Rd6 40.b4 Rxh2 41.Rg3+ Kf7 42.Rg4 h6 43.Kg1 Rd2
44.Rh5 R6xd5 45.Rxh6 Rb2 46.Rh7+ Ke6 47.Re4+ Kd6 48.Re1 Rxb4 49.Ree7 Rg4+
50.Kh2 Rh4+ 51.Rxh4 Kxe7 52.Rh7+ Ke6 53.Rxb7 Rxa5 54.Kg3 Kf5 55.Rf7 Ra1 56.Rf8 a5
57.Kf3 a4  0-1

[Event "HUN-ch"]
[Site "Budapest"]
[Date "1977.??.??"]
[Round "?"]
[White "Lengyel, Levente"]
[Black "Barczay, Laszlo"]
[Result "1/2-1/2"]
[WhiteElo "2415"]
[BlackElo "2470"]

1.d4 d5 2.c4 dxc4 3.Nf3 Nf6 4.e3 e6 5.Bxc4 c5 6.O-O a6 7.dxc5 Qxd1 8.Rxd1 Bxc5
9.a3 b5 10.Be2 Bb7 11.b4 Be7 12.Bb2 Nbd7 13.Nbd2 Rc8 14.Rac1 O-O 15.Kf1 Nb6
16.Nd4 Nfd5 17.Bf3  1/2-1/2

[Event "DSV-Turnier"]
[Site "Leipzig"]
[Date "1977.??.??"]
[Round "11"]
[White "Malich, Burkhard"]
[Black "Fischer, Joan"]
[Result "1-0"]
[WhiteElo "2535"]
[BlackElo "2420"]

1.Nf3 d5 2.d4 Nf6 3.c4 dxc4 4.e3 e6 5.Bxc4 c5 6.Qe2 a6 7.dxc5 Bxc5 8.O-O b5
9.Bd3 Nbd7 10.e4 Bb7 11.a4 b4 12.Nbd2 Be7 13.e5 Nd5 14.Ne4 Qb8 15.Ng3 h5
16.h4 Nc5 17.Ne4 Nxd3 18.Qxd3 Qc7 19.Bg5 f6 20.Rfc1 Qd8 21.exf6 gxf6 22.Bd2 Nf4
23.Qe3 e5 24.Nc5 Rg8 25.Nxb7 Rxg2+ 26.Kf1 Qd7 27.Qe4 Qh3 28.Bxf4 Rg4+ 29.Ke2 Rxf4
30.Nd6+ Bxd6 31.Qxa8+ Ke7 32.Qb7+  1-0

[Event "Vrbas"]
[Site "Vrbas"]
[Date "1977.??.??"]
[Round "5"]
[White "Sahovic, Dragutin"]
[Black "Radulov, Ivan"]
[Result "1/2-1/2"]
[WhiteElo "2460"]
[BlackElo "2500"]

1.d4 d5 2.c4 dxc4 3.Nf3 Nf6 4.e3 e6 5.Bxc4 c5 6.O-O a6 7.a4 Qc7 8.Qe2 Nc6
9.Nc3 Bd6 10.dxc5 Bxc5 11.e4 Ng4 12.g3 O-O 13.Bf4 Nge5 14.Nxe5 Nxe5 15.Ba2 Be7
16.Rac1 Qa5 17.Rfd1 Nc6 18.h4 h6 19.e5 Rd8 20.Bb1 Bd7 21.Qe4 g6 22.h5 Be8
23.hxg6 fxg6 24.Bxh6 Qxe5 25.Qg4 Qh5 26.Qxh5 gxh5 27.Be3 Bf6 28.Bb6 Rxd1+
29.Rxd1 Ne5 30.Ba2 Kf7 31.f4 Nd7 32.Bf2 Rc8 33.Ne4 Rc2 34.f5 Ne5 35.Bxe6+ Ke7
36.Nxf6 Kxf6 37.Bd4 Re2 38.Kf1 Re4 39.Bd5 Rg4 40.Bxb7 Bxa4 41.Rd2 Bb5+ 42.Kf2 Kxf5
43.Bc8+ Nd7 44.Bc5 Rg7 45.Rd5+ Ke4 46.Rxh5 Rf7+ 47.Kg2 Bf1+ 48.Kg1 Nxc5 49.Rxc5 Bd3
50.Ra5 Ke3 51.Ra3 Rf1+ 52.Kg2 Rf2+ 53.Kh3 Kd4 54.Bxa6 Bf5+ 55.g4 Bxg4+ 56.Kxg4 Rxb2
57.Bc8 Rf2 58.Bf5 Ke5 59.Re3+ Kd4 60.Re8 Rf1 61.Kg5 Rf2 62.Kf6 Rd2 63.Rc8 Re2
64.Rd8+ Kc3 65.Be6 Rf2+ 66.Ke5 Re2+ 67.Kd6 Rd2+ 68.Bd5 Kd4 69.Rh8 Rf2 70.Rh4+ Ke3
71.Ke5 Rf8 72.Rh3+ Kf2 73.Kd4 Rf4+ 74.Be4 Rf6 75.Ra3 Rf4 76.Ra2+ Kg3 77.Ke3 Rg4
78.Bf5 Rf4 79.Ra5 Rf3+ 80.Ke4 Rb3 81.Be6 Rb1 82.Ra3+ Kf2 83.Rf3+ Kg2 84.Bh3+ Kh2
85.Bf1 Rb8 86.Rh3+ Kg1 87.Bd3 Rf8 88.Ke3 Kg2 89.Rh7 Rf3+ 90.Ke4 Kf2 91.Bc4 Re3+  1/2-1/2

[Event "Buenos Aires ol (Men)"]
[Site "Buenos Aires"]
[Date "1978.??.??"]
[Round "?"]
[White "Vaganian, Rafael A"]
[Black "Inkiov, Ventzislav"]
[Result "1-0"]
[WhiteElo "2570"]
[BlackElo "2450"]

1.d4 d5 2.c4 dxc4 3.e3 Nf6 4.Bxc4 e6 5.Nf3 c5 6.O-O a6 7.a4 Nc6 8.Qe2 Be7
9.Rd1 cxd4 10.exd4 O-O 11.Nc3 Nb4 12.Ne5 Bd7 13.Bg5 Nfd5 14.Bxd5 Nxd5 15.Nxd5 exd5
16.Nxd7 Re8 17.Bxe7 Qxd7 18.Re1 Rac8 19.Qe3 Rc7 20.Rac1 Rxc1 21.Qxc1 Rxe7
22.Rxe7 Qxe7 23.Qc8+ Qf8 24.Qxb7 g6 25.Qxd5 Qe8 26.g3 Qxa4 27.Kg2 Qb4 28.b3 a5
29.h4 h5 30.Qf3 Kf8 31.Qf6 Qxb3 32.Qd8+ Kg7 33.Qxa5 Qb7+ 34.Kg1 f6 35.Qc5 Kf7
36.d5 Qb1+ 37.Kh2 Qf5 38.Qa7+ Ke8 39.d6 Qd7 40.Qb8+ Kf7 41.Qb3+ Kg7 42.Qd5 Kf8
43.Kg2 Kg7 44.Kf3 Kf8 45.Ke3 Kg7 46.Kd3 Kf8 47.Kc3 Kg7 48.Kb4 Kf8 49.f3 Qc8
50.Qc5 Qb8+ 51.Ka5 Qa8+ 52.Kb5 Qb7+ 53.Kc4 Qa6+ 54.Kd5 Qb7+ 55.Qc6 Qb3+ 56.Kc5 Qe3+
57.Kb5 Qb3+ 58.Ka6 Qa3+ 59.Kb7 Qb3+ 60.Kc7 Qb4 61.d7 Qa5+ 62.Kc8 Qf5 63.Qc4  1-0

[Event "Buenos Aires ol (Men)"]
[Site "Buenos Aires"]
[Date "1978.??.??"]
[Round "?"]
[White "Haik, Aldo"]
[Black "Radulov, Ivan"]
[Result "1/2-1/2"]
[WhiteElo "2425"]
[BlackElo "2490"]

1.d4 d5 2.c4 dxc4 3.Nf3 Nf6 4.e3 e6 5.Bxc4 c5 6.O-O a6 7.Qe2 Nc6 8.Rd1 Qc7
9.Nc3 Bd6 10.Bd2 O-O 11.Rac1 Rd8 12.h3 cxd4 13.exd4 b5 14.Bd3 Bb7 15.Ne4 Nd5
16.Nxd6 Qxd6 17.Ne5 Nf6 18.Nxc6 Bxc6 19.Rc5 h6 20.Ba5 Rd7 21.Qc2 Bb7 22.Bc7 Qe7
23.Be5 Nd5 24.a3 Qg5 25.g3 Qe7 26.Rc1 Rad8 27.Qe2 f6 28.Qe4 g5 29.Qg6+ Qg7
30.Qxg7+ Kxg7 31.Bc7 Nxc7 32.Rxc7 Kf8 33.Bf1 Bd5 34.a4 bxa4 35.Bxa6 Bb3 36.Rxd7 Rxd7
37.Rc8+ Ke7 38.Bc4 Rxd4 39.Bxb3 axb3 40.Rb8 Rd3 41.Kf1 e5 42.Ke2 e4 43.Rh8 Ke6
44.Rxh6 Rc3 45.h4 Rc2+ 46.Ke3 Kf5 47.hxg5 fxg5 48.Rb6 Rxb2 49.f3 exf3 50.Kxf3 g4+
51.Ke3 Rb1 52.Rb5+ Ke6 53.Kf4 Kd6 54.Kxg4  1/2-1/2

[Event "Makarczyk mem+"]
[Site "Lodz"]
[Date "1978.??.??"]
[Round "4"]
[White "Lukacs, Peter"]
[Black "Niklasson, Christer"]
[Result "1/2-1/2"]
[WhiteElo "2460"]
[BlackElo "2340"]

1.d4 d5 2.c4 dxc4 3.Nf3 Nf6 4.e3 e6 5.Bxc4 c5 6.O-O Nc6 7.Nc3 Be7 8.Qe2 cxd4
9.exd4 O-O 10.Rd1 Na5 11.Bd3 b6 12.Bg5 Bb7 13.Bxf6 Bxf6 14.Ne5 g6 15.Be4 Qe7
16.Bxb7 Nxb7 17.Nc6 Qd7 18.Qf3 Bg7 19.d5 Bxc3 20.Qxc3 Rfc8 21.Qf6 Rc7 22.Ne5 Qd8
23.Qf3 exd5 24.Ng4 d4 25.Nf6+ Kg7 26.Nd5 Rd7 27.Rxd4 Rc8 28.Rad1 Rc6  1/2-1/2

[Event "Snekkersten"]
[Site "Snekkersten"]
[Date "1978.??.??"]
[Round "3"]
[White "Larsen, Ole"]
[Black "Grumme, H."]
[Result "1-0"]
[WhiteElo "2200"]
[BlackElo "2200"]

1.d4 d5 2.c4 dxc4 3.Nf3 Nf6 4.e3 e6 5.Bxc4 c5 6.O-O a6 7.e4 b5 8.Bd3 cxd4
9.Nxd4 Bb7 10.Re1 Bb4 11.Nc3 O-O 12.e5 Bxc3 13.bxc3 Qd5 14.f3 Nfd7 15.Be4 Qc5
16.Bxb7 Ra7 17.Be4 Nxe5 18.Be3 Rd7 19.Qc2 Nc4 20.Nxe6  1-0

[Event "Tatran Cup"]
[Site "Strbske Pleso"]
[Date "1978.??.??"]
[Round "4"]
[White "Cvetkovic, Srdjan"]
[Black "Djuric, Stefan"]
[Result "1/2-1/2"]
[WhiteElo "2390"]
[BlackElo "2350"]

1.Nf3 Nf6 2.d4 d5 3.c4 dxc4 4.e3 e6 5.Bxc4 c5 6.O-O a6 7.a4 Nc6 8.Qe2 cxd4
9.Rd1 Be7 10.exd4 O-O 11.Nc3 Nd5 12.Qe4 Nf6 13.Qh4 Nd5 14.Qe4 Nf6  1/2-1/2

[Event "Banja Luka"]
[Site "Banja Luka"]
[Date "1979.??.??"]
[Round "?"]
[White "Vukic, Milan"]
[Black "Sibarevic, Milenko"]
[Result "1-0"]
[WhiteElo "2485"]
[BlackElo "2355"]

1.d4 d5 2.c4 dxc4 3.Nf3 Nf6 4.e3 e6 5.Bxc4 c5 6.O-O a6 7.a4 Nc6 8.Qe2 cxd4
9.Rd1 Be7 10.exd4 O-O 11.Nc3 Nd5 12.Qe4 Ncb4 13.Ne5 b6 14.Nc6 Nxc6 15.Nxd5 Bb7
16.Nxe7+ Qxe7 17.d5 Na5 18.Bd3 g6 19.Bh6 Rfe8 20.Qd4 e5 21.Qxb6 Qd8 22.Be3 Qxb6
23.Bxb6 Nb3 24.Ra3 Bxd5 25.Bxg6 hxg6 26.Rxd5 Nd4 27.g3 Rab8 28.a5 Re6 29.Re3 Nc6
30.Rd7 e4 31.f4 exf3 32.Rxe6 fxe6 33.Rd6 Ne7 34.Rxe6 Kf7 35.Re3  1-0

[Event "CSR-ch"]
[Site "Trencianske Teplice"]
[Date "1979.??.??"]
[Round "8"]
[White "Ftacnik, Lubomir"]
[Black "Hort, Vlastimil"]
[Result "1/2-1/2"]
[WhiteElo "2430"]
[BlackElo "2600"]

1.d4 d5 2.Nf3 Nf6 3.c4 dxc4 4.e3 e6 5.Bxc4 c5 6.O-O a6 7.a4 Nc6 8.Qe2 cxd4
9.Rd1 Be7 10.exd4 O-O 11.Nc3 Nb4 12.Bg5 Re8 13.Ne5 Bd7 14.f4 Rc8 15.Rac1 h6  1/2-1/2

[Event "COL-ch"]
[Site "Bogota"]
[Date "1980.??.??"]
[Round "?"]
[White "Cuellar, Jorge"]
[Black "Mendoza, Rafael"]
[Result "1/2-1/2"]
[WhiteElo "2200"]
[BlackElo "2200"]

1.d4 d5 2.c4 dxc4 3.Nf3 Nf6 4.e3 e6 5.Bxc4 c5 6.O-O a6 7.a4 cxd4 8.exd4 Be7
9.Nc3 O-O 10.Bg5 Nc6 11.Re1 b6 12.Rc1 Bb7 13.Bd3 Nb4 14.Bb1 Qd6 15.Qe2 Rac8
16.Ne5 Nbd5 17.Qd3 g6 18.Bh6 Rfd8 19.Qh3 Bf8 20.Bg5 Bg7 21.Ba2 Re8 22.Qh4 b5
23.Bxd5 Nxd5 24.Ne4  1/2-1/2

[Event "Skien op"]
[Site "Skien"]
[Date "1980.??.??"]
[Round "4"]
[White "Vinje Gulbrandsen, Arne"]
[Black "Angantysson, Haukur"]
[Result "1-0"]
[WhiteElo "2365"]
[BlackElo "2425"]

1.d4 d5 2.c4 dxc4 3.Nf3 Nf6 4.e3 e6 5.Bxc4 c5 6.O-O Nc6 7.a3 a6 8.dxc5 Bxc5
9.b4 Bd6 10.Bb2 b5 11.Bd3 Bb7 12.Qe2 Qb8 13.Nbd2 Ke7 14.Ne4 Nxe4 15.Bxe4 f5
16.Bxc6 Bxc6 17.Rac1 Bxf3 18.Qxf3 Bxh2+ 19.Kh1 Be5 20.Bxe5 Qxe5 21.Qb7+ Kf6
22.Rc7 Rhg8 23.f4 Qe4 24.Rf7+ Kg6 25.Qe7 h5 26.Rf3 h4 27.Rh3 Rad8 28.Rxh4 Qb1+
29.Kh2 Qa1 30.Qxe6+  1-0